000 00538cam a2200205ua 4500
001 1747
005 20260515113400.0
008 110824n ii |||gr||||Z||||||eng
020 _a0-87692-081-4
040 _cMAIN
082 _a339.32
100 _aSchultze, Charles L.,
_eAuthor.
245 1 _aNational income analysis
_cby Charles L. Schultze
250 _a3rd.
260 _aNew Delhi:
_bPrentice hall of india pvt. ltd.,975.
300 _a162p:
_c25cm.
653 _aEconomics
653 _anational income analysis
942 _cBK
999 _c1630
_d1630